Sports Quiz

Random Sports or Golf Quiz

U.S. Open Winners (Golf) Quiz Stats

 Plays Quiz Updated Jun 16, 2019

Score 0/119 Timer 10:00
1 Play Today
Year Winner % Correct
2000Tiger Woods
97.6%
2002Tiger Woods
97.6%
1962Jack Nicklaus
87.8%
1967Jack Nicklaus
87.8%
1972Jack Nicklaus
87.8%
1980Jack Nicklaus
87.8%
1960Arnold Palmer
85.8%
2008Tiger Woods
82.1%
2016Dustin Johnson
80.2%
2018Brooks Koepka
78.5%
1941Craig Wood
78%
2015Jordan Spieth
77.8%
2017Brooks Koepka
70.9%
1994Ernie Els
70.1%
1997Ernie Els
70.1%
2019Gary Woodland
69.9%
1982Tom Watson
69.4%
1923Bobby Jones
68.7%
1926Bobby Jones
68.7%
1929Bobby Jones
68.7%
1930Bobby Jones
68.7%
1996Steve Jones
67.4%
1965Gary Player
66.7%
1948Ben Hogan
66%
1950Ben Hogan
66%
1951Ben Hogan
66%
1953Ben Hogan
66%
2013Justin Rose
62.7%
1991Payne Stewart
59.9%
1999Payne Stewart
59.9%
2012Webb Simpson
57.6%
1968Lee Trevino
56.7%
1971Lee Trevino
56.7%
2014Martin Kaymer
56.1%
2001Retief Goosen
54.5%
2004Retief Goosen
54.5%
2007Angel Cabrera
53%
2003Jim Furyk
49.2%
1992Tom Kite
48.8%
1914Walter Hagen
47.8%
Year Winner % Correct
1919Walter Hagen
47.8%
1939Byron Nelson
46.9%
1983Larry Nelson
46.2%
1995Corey Pavin
45.6%
2006Geoff Ogilvy
45.3%
1973Johnny Miller
45.2%
2011Rory McIlroy
44.9%
1988Curtis Strange
43.3%
1989Curtis Strange
43.3%
1974Hale Irwin
43.2%
1979Hale Irwin
43.2%
1990Hale Irwin
43.2%
2005Michael Campbell
42.8%
1899Willie Smith
42%
1906Alex Smith
42%
1910Alex Smith
42%
2010Graeme McDowell
40.6%
1922Gene Sarazen
40.6%
1932Gene Sarazen
40.6%
2009Lucas Glover
40.2%
1993Lee Janzen
39.9%
1998Lee Janzen
39.9%
1987Scott Simpson
39.1%
1986Ray Floyd
38.4%
1978Andy North
36.7%
1985Andy North
36.7%
1984Fuzzy Zoeller
34.9%
1900Harry Vardon
32.4%
1913Francis Ouimet
32.1%
1959Billy Casper
30.4%
1966Billy Casper
30.4%
1970Tony Jacklin
29.3%
1964Ken Venturi
26.9%
1977Hubert Green
26.9%
1981David Graham
25%
1901Willie Anderson
24.9%
1903Willie Anderson
24.9%
1904Willie Anderson
24.9%
1905Willie Anderson
24.9%
1976Jerry Pate
24.9%
Year Winner % Correct
1975Lou Graham
24.9%
1927Tommy Armour
22.4%
1949Cary Middlecoff
22.2%
1956Cary Middlecoff
22.2%
1952Julius Boros
21%
1963Julius Boros
21%
1920Ted Ray
20.8%
1969Orville Moody
20.1%
1911John McDermott
17.9%
1912John McDermott
17.9%
1955Jack Fleck
17.3%
1961Gene Littler
16.6%
1940Lawson Little
16.6%
1937Ralph Guldahl
15.9%
1938Ralph Guldahl
15.9%
1958Tommy Bolt
15.7%
1931Billy Burke
14.9%
1895Horace Rawlins
13.8%
1921Jim Barnes
13.6%
1935Sam Parks, Jr
13%
1946Lloyd Mangrum
12.8%
1916Chick Evans
12.4%
1924Cyril Walker
12.1%
1902Laurie Auchterlonie
11.8%
1947Lew Worsham
11.7%
1954Ed Furgol
11.6%
1934Olin Dutra
11.6%
1897Joe Lloyd
11.1%
1898Fred Herd
11.1%
1957Dick Mayer
11%
1936Tony Manero
10.9%
1896James Foulis
10.7%
1907Alec Ross
10.5%
1933Johnny Goodman
10.4%
1908Fred McLeod
9.8%
1928Johnny Farrell
9.3%
1915Jerome Travers
9.3%
1925Willie Macfarlane
9.3%
1909George Sargent
9.2%

You're not logged in!

Compare scores with friends on all Sporcle quizzes.
OR
Log In

Sporcle TV

Today on Sporcle TV


Watch our educational content, quiz creation guides, and fun videos on Sporcle TV.

Show Comments

Extras

Top Quizzes Today


Score Distribution

Your Account Isn't Verified!

In order to create a playlist on Sporcle, you need to verify the email address you used during registration. Go to your Sporcle Settings to finish the process.

Report this User

Report this user for behavior that violates our Community Guidelines.

Details: